[Event "6Ã¨me LUC open"]
[Site "Lille"]
[Date "2015-04-05"]
[Round "1.23"]
[White "VEKEMANS, Denis"]
[Black "VAN DER LENDE, Ilias"]
[Result "0-1"]
[WhiteElo "1951"]
[BlackElo "2333"]

1. e4 e6 2. Nf3 d5 3. e5 Nh6 4. a3 f6 5. d4 Nf7 6. b4 a5 7. b5 Nd7 8. Bb2 Be7
9. c4 c6 10. cxd5 cxd5 11. Bd3 Nb6 12. Nbd2 Bd7 13. O-O a4 14. Rc1 f5 15. Qe2
g6 16. h3 O-O 17. g4 fxg4 18. hxg4 Ng5 19. Kg2 Nxf3 20. Nxf3 Rf4 21. Kg3 Qf8
22. Qe3 Rf7 23. Rh1 Rc8 24. Qe2 Nc4 25. Rh3 Nxb2 26. Bxg6 Rxf3+ 0-1

*

[Event "6Ã¨me LUC open"]
[Site "Lille"]
[Date "2015-04-05"]
[Round "1.24"]
[White "MIDOUX, Sebastien"]
[Black "LUI, Eric"]
[Result "1-0"]
[WhiteElo "2315"]
[BlackElo "1947"]

1. Nf3 Nf6 2. g3 g6 3. b3 Bg7 4. Bb2 O-O 5. Bg2 d6 6. d4 c5 7. O-O Na6 8. c4
Rb8 9. Nc3 b6 10. Re1 Bb7 11. e4 cxd4 12. Nxd4 Nc5 13. Qd2 Qd7 14. Rad1 Rfd8
15. Qc1 Qg4 16. h3 Qh5 17. g4 Nxg4 18. hxg4 Qxg4 19. Nd5 e6 20. Ne7+ Kf8 21.
Nec6 e5 22. Nxd8 Rxd8 1-0

*

[Event "6Ã¨me LUC open"]
[Site "Lille"]
[Date "2015-04-05"]
[Round "1.26"]
[White "BANNINK, Bernard"]
[Black "MANET, Eric"]
[Result "1-0"]
[WhiteElo "2267"]
[BlackElo "1934"]

1. d4 Nf6 2. Bg5 e6 3. Nf3 Be7 4. e3 b6 5. Nbd2 Bb7 6. Bd3 O-O 7. Qe2 d6 8. c3
Nbd7 9. Rd1 Nd5 10. Bxe7 Qxe7 11. O-O N5f6 12. Rfe1 e5 13. e4 Nh5 14. g3 g6 15.
Ba6 Bxa6 16. Qxa6 Kg7 17. Qc4 Rfc8 18. Kg2 c5 19. dxe5 dxe5 20. Nf1 Ndf6 21.
Ne3 Rd8 22. Nd5 Nxd5 23. Rxd5 Rxd5 24. Qxd5 Rd8 1-0

*

[Event "6Ã¨me LUC open"]
[Site "Lille"]
[Date "2015-04-05"]
[Round "1.27"]
[White "TUPET, Guillaume"]
[Black "FREDERIC, Clement"]
[Result "0-1"]
[WhiteElo "1931"]
[BlackElo "2231"]

1. d4 f5 2. c4 Nf6 3. g3 d6 4. Bg2 g6 5. Nc3 Bg7 6. Nf3 O-O 7. O-O Na6 8. b3 c6
9. Bb2 Rb8 10. Re1 b5 11. cxb5 cxb5 12. Rc1 b4 13. Nb1 Nc7 14. Nbd2 Bb7 15. Nc4
Ncd5 16. Nfd2 Bh6 17. e3 Qd7 18. Qe2 Ba6 19. Rc2 Nb6 20. Qd1 Bb7 21. Bxb7 Rxb7
22. Qe2 Qb5 23. Qf3 Rbb8 24. Rec1 Nbd5 25. Qd1 Qa6 26. Ba1 Rbc8 27. Qe1 Rc7 28.
f3 Rd8 29. e4 fxe4 30. fxe4 Ne3 31. d5 Nxc2 32. Rxc2 Ng4 33. Qe2 Ne5 34. Bxe5
dxe5 35. Nf3 Qb5 36. Nfxe5 Qc5+ 37. Kg2 Rf8 38. Nc6 a6 39. N4e5 Qd6 40. Qxa6
Bg7 41. Nf3 e6 42. Qd3 Rd7 43. Ng5 exd5 44. exd5 Rf5 45. Ne4 Qxd5 46. Qxd5+
Rfxd5 47. Nxb4 Rd4 48. Nc5 Rc7 49. Nba6 Rc8 50. a4 Bf8 51. Kf3 Rd6 52. Rc4 Rdc6
53. Ke4 Bxc5 54. Nxc5 Rxc5 55. Rxc5 Rxc5 56. Kd4 Rc2 57. b4 Kf7 58. a5 Ke6 0-1

*

[Event "6Ã¨me LUC open"]
[Site "Lille"]
[Date "2015-04-05"]
[Round "1.28"]
[White "GUEZENNEC, Franck"]
[Black "DUPONT, Arthur"]
[Result "0-1"]
[WhiteElo "2231"]
[BlackElo "1908"]

1. e4 g6 2. d4 d6 3. Nc3 Bg7 4. Be3 c6 5. Qd2 b5 6. Bd3 Nd7 7. Nf3 Nb6 8. h3
Qc7 9. O-O Nf6 10. Bh6 O-O 11. Bxg7 Kxg7 12. e5 dxe5 13. dxe5 Nfd5 14. Nxd5
Nxd5 15. c4 bxc4 16. Bxc4 Rd8 17. Bb3 a5 18. Rac1 Qb6 19. Qg5 Be6 20. Qh4 h6
21. Nd4 g5 22. Qe4 Nf4 23. Nxe6+ Nxe6 24. Bxe6 fxe6 25. Rxc6 Qb7 26. Qc4 Rac8
27. Rxc8 Qxc8 28. Qe2 Qd7 29. h4 Qd3 30. Qxd3 Rxd3 31. Rc1 Rd5 32. Rc7 Kf7 33.
Rb7 Rxe5 34. hxg5 Rxg5 35. a4 Kf6 36. Kh2 Rd5 37. Kg3 e5 38. Kf3 e6 39. Ke3 Kf5
40. Rb5 Kf6 41. b3 Ke7 42. Rb7+ Kf6 43. b4 axb4 44. Rxb4 Rd1 45. Rb8 Ra1 46.
Ra8 Ra3+ 0-1

*

[Event "6Ã¨me LUC open"]
[Site "Lille"]
[Date "2015-04-05"]
[Round "1.29"]
[White "GRIFFON, Olivier"]
[Black "MARIE, Maxime"]
[Result "0-1"]
[WhiteElo "1907"]
[BlackElo "2228"]

1. e4 c5 2. c3 g6 3. d4 cxd4 4. cxd4 d5 5. e5 Bg7 6. Nc3 Nc6 7. h4 h5 8. Be3
Nh6 9. Bxh6 Bxh6 10. Bb5 O-O 11. g3 Bf5 12. f4 Nb4 13. Rc1 Qa5 14. Qd2 Rac8 15.
Nge2 a6 16. Nxd5 Rxc1+ 17. Nxc1 Nc2+ 18. Kd1 Qxd2+ 19. Kxd2 Nxd4 20. Nxe7+ Kh7
21. Bc4 Rd8 22. Kc3 Be6 23. Bxe6 Nxe6 24. f5 gxf5 25. Nd3 Nd4 26. Nf4 Bxf4 27.
gxf4 Rd7 28. Kc4 b5+ 29. Kb4 Rxe7 30. Ka5 Re6 31. Rd1 Ne2 0-1

*

[Event "6Ã¨me LUC open"]
[Site "Lille"]
[Date "2015-04-05"]
[Round "1.30"]
[White "CHKHAIDZE, Nikoloz"]
[Black "COTTEGNIE, Francis"]
[Result "1-0"]
[WhiteElo "2226"]
[BlackElo "1904"]

1. Nf3 d5 2. d4 Nf6 3. c4 e6 4. Nc3 c6 5. e3 Bd6 6. Bd3 Nbd7 7. O-O O-O 8. e4
dxe4 9. Nxe4 Be7 10. Qe2 Re8 11. Rd1 Nxe4 12. Bxe4 Nf8 13. Bf4 g5 14. Be3 f5
15. Bc2 Bf6 16. Ne5 Qe7 17. Qh5 Qg7 1-0

*

[Event "6Ã¨me LUC open"]
[Site "Lille"]
[Date "2015-04-05"]
[Round "1.31"]
[White "VEKEMANS, Sylvain"]
[Black "BURGNIES, Stephane"]
[Result "0-1"]
[WhiteElo "1893"]
[BlackElo "2195"]

1. c4 Nf6 2. Nc3 c5 3. g3 e6 4. Bg2 d5 5. cxd5 exd5 6. d3 Nc6 7. Bg5 Be7 8. Qd2
Be6 9. Nh3 d4 10. Bxf6 Bxf6 11. Ne4 Be7 12. Nf4 Bd7 13. Rc1 b6 14. Nd5 O-O 15.
O-O h6 16. Qc2 Re8 17. Rfe1 Bf8 18. a3 Rc8 19. Nd2 Bf5 20. e4 dxe3 21. fxe3 Ne5
22. e4 Bd7 23. Nc4 Nc6 24. Qf2 b5 25. Nce3 Ne5 26. Rf1 f6 27. Nf4 Ng4 28. Nxg4
Bxg4 29. h3 Bd7 30. Qf3 Bd6 31. Qh5 Re5 32. Qf3 Be8 33. h4 Bf7 34. Qg4 Qe8 35.
d4 f5 36. exf5 h5 37. Qf3 cxd4 38. Rxc8 Qxc8 39. Nxh5 Qe8 40. g4 Re3 41. Qb7
Qe5 42. Nf4 Re1 43. Nd3 Qh2+ 44. Kf2 Qxh4+ 45. Kf3 Qg3# 0-1

*

[Event "6Ã¨me LUC open"]
[Site "Lille"]
[Date "2015-04-05"]
[Round "1.32"]
[White "MAJHI, Ankit"]
[Black "CARTIGNY, Patrick"]
[Result "0-1"]
[WhiteElo "2178"]
[BlackElo "1886"]

1. e4 e6 2. d4 d5 3. Nc3 Bb4 4. e5 c5 5. a3 Ba5 6. b4 cxd4 7. Nb5 Bc7 8. f4 Nc6
9. Nf3 Nge7 10. Bd3 a6 11. Nxc7+ Qxc7 12. O-O Bd7 13. Bb2 Rc8 14. Qe1 O-O 15.
Nxd4 Nxd4 16. Bxd4 Bb5 17. Bxb5 axb5 18. c3 Ra8 19. g4 Ra6 20. f5 Rfa8 21. f6
Nc6 22. Qe3 gxf6 23. exf6 Kh8 24. Rf3 Rg8 25. Rh3 Rg6 26. Rh5 Nxd4 27. cxd4
Rxg4+ 28. Kh1 Qf4 29. Qxf4 Rxf4 30. Rg1 Rxf6 31. Rg3 Rg6 32. Rgh3 Rg7 33. Rf3
Rc6 34. h4 Rc1+ 35. Kh2 Kg8 36. Re5 Rc2+ 37. Kh3 Rg1 38. Ree3 Rgg2 39. Rc3 Kg7
40. Rce3 Kg8 41. Rf4 h5 42. Rf1 Rgd2 43. Rg1+ Kf8 44. Re5 Rc3+ 45. Rg3 Rdd3 46.
Rxd3 Rxd3+ 47. Kg2 Rxd4 48. Rxh5 Rg4+ 49. Kf3 f5 50. Rh6 Kf7 51. h5 d4 52. Rh8
e5 53. h6 e4+ 54. Kf2 Rh4 55. Kg3 Rg4+ 56. Kf2 Kg6 57. Rb8 e3+ 58. Kf3 Re4 0-1

*

[Event "6Ã¨me LUC open"]
[Site "Lille"]
[Date "2015-04-05"]
[Round "1.33"]
[White "MARTYNOV, Petr"]
[Black "ROGER, Mehdi"]
[Result "1/2-1/2"]
[WhiteElo "1885"]
[BlackElo "2176"]

1. e4 c5 2. Nf3 d6 3. d4 cxd4 4. Qxd4 Nc6 5. Bb5 Bd7 6. Bxc6 Bxc6 7. Nc3 h6 8.
O-O e5 9. Qe3 Nf6 10. h3 Be7 11. a4 a6 12. Rd1 Qc7 13. b4 O-O 14. Bb2 b5 15.
axb5 axb5 16. Nh4 Rxa1 17. Bxa1 Ra8 18. Nf5 Bf8 19. Bb2 g6 20. Nxh6+ Bxh6 21.
Qxh6 Nxe4 22. Nxe4 Bxe4 23. Qd2 Ra2 24. c3 Bf5 25. Ra1 Rxa1+ 26. Bxa1 Be6 27.
Bb2 Bc4 28. Bc1 f6 29. Qh6 Qg7 30. Qe3 Qe7 31. Qh6 Qg7 32. Qe3 g5 33. Qb6 Qd7
34. Be3 Kg7 35. Kh2 Kg6 36. Qb8 Kg7 37. Qb6 Bd5 38. Kg3 Bf7 39. Kh2 {partie
illisible} 1/2-1/2

*

[Event "6Ã¨me LUC open"]
[Site "Lille"]
[Date "2015-04-05"]
[Round "1.34"]
[White "CALOONE, Thomas"]
[Black "JENNY, Gerald"]
[Result "1-0"]
[WhiteElo "2175"]
[BlackElo "1882"]

1. e4 c5 2. Nf3 e6 3. d4 cxd4 4. Nxd4 a6 5. Bd3 Bc5 6. Nb3 Be7 7. O-O d6 8. c4
Nf6 9. Nc3 Nbd7 10. f4 b6 11. Qe2 Bb7 12. e5 dxe5 13. fxe5 Nxe5 14. Qxe5 Qxd3
15. Qc7 Qd7 16. Qxb6 Qc6 17. Qxc6+ Bxc6 18. Be3 Rc8 19. Rfd1 O-O 20. Rac1 Ng4
21. Bf4 Rfd8 22. h3 Nf6 23. a3 Be8 24. Rxd8 Bxd8 25. c5 Bc6 26. Nd4 Nd7 27.
Nxc6 Rxc6 28. b4 e5 29. Be3 Nf6 30. Rd1 Be7 31. a4 Kf8 32. b5 axb5 33. axb5
Rxc5 34. Bxc5 Bxc5+ 35. Kf1 Bd4 36. Ne2 Nd5 37. Nxd4 1-0

*

[Event "6Ã¨me LUC open"]
[Site "Lille"]
[Date "2015-04-05"]
[Round "1.35"]
[White "DVORSAK, Hans"]
[Black "HENRIS, Luc"]
[Result "0-1"]
[WhiteElo "1878"]
[BlackElo "2153"]

1. e4 e5 2. Nf3 Nc6 3. Bb5 f5 4. Nc3 Nf6 5. exf5 Nd4 6. Nxd4 exd4 7. Ne2 c6 8.
Bd3 Bc5 9. b4 Bxb4 10. Nxd4 O-O 11. g4 Qe7+ 12. Kf1 Qe5 13. c3 Bc5 14. Nb3 Qd5
15. Rg1 Qxd3+ 0-1

*

[Event "6Ã¨me LUC open"]
[Site "Lille"]
[Date "2015-04-05"]
[Round "1.36"]
[White "WEILL, Roland"]
[Black "WAMBERGUE, Maurice"]
[Result "1-0"]
[WhiteElo "2151"]
[BlackElo "1871"]

1. e4 c5 2. Nf3 d6 3. c3 Nc6 4. d4 Nf6 5. d5 Nb8 6. Be2 Nbd7 7. Nfd2 g6 8. O-O
Bg7 9. a4 a6 10. a5 b5 11. axb6 Nxb6 12. f3 O-O 13. Na3 Nfd7 14. Nac4 Nxc4 15.
Nxc4 a5 16. Kh1 Ne5 17. Ne3 Ba6 18. c4 Qb6 19. Qe1 Bc8 20. Qh4 a4 21. f4 Nd7
22. e5 dxe5 23. f5 Nf6 24. Ra3 e6 25. dxe6 fxe6 26. fxg6 hxg6 27. Ng4 Nh5 28.
Rxf8+ Kxf8 29. Rf3+ Ke8 30. Qg5 Nf4 31. Bxf4 exf4 32. Qxg6+ 1-0

*

[Event "6Ã¨me LUC open"]
[Site "Lille"]
[Date "2015-04-05"]
[Round "1.37"]
[White "CARDON, Pierre"]
[Black "BIANCHI, Guillaume"]
[Result "1/2-1/2"]
[WhiteElo "1863"]
[BlackElo "2150"]

1. d4 Nf6 2. Nf3 g6 3. c4 c5 4. e3 cxd4 5. Nxd4 Nc6 6. Nc3 Bg7 7. Be2 Nxd4 8.
Qxd4 d6 9. Bd2 O-O 10. O-O Be6 11. Qh4 Qc7 12. Rac1 Rfc8 13. b3 a6 14. e4 Rab8
15. Be3 Qd8 16. Rfd1 Qa5 17. Bd4 b5 18. cxb5 axb5 19. f3 b4 20. Na4 Rxc1 21.
Rxc1 Bd7 22. Bd1 Ng4 23. Bf2 Bf6 24. Qg3 Ne5 25. f4 Nc6 26. Qd3 Be8 27. h3 Na7
28. Bd4 Bxd4+ 29. Qxd4 Nb5 30. Qd2 Qa7+ 31. Kh2 Nd4 32. Rc4 Nc6 33. Bf3 Qa6 34.
Qc2 e5 35. Qd2 Nd4 36. Bd1 Bxa4 37. Rxd4 exd4 38. bxa4 d3 39. Bb3 Kf8 40. f5
gxf5 41. Qh6+ Ke7 42. Qxh7 d5 43. Qxf5 Qd6+ 44. e5 Qg6 45. Qf2 Rc8 46. Qh4+ Ke6
47. Qd4 Rc4 48. Bxc4 dxc4 49. Qxc4+ Kxe5 50. Kg1 Qb6+ 51. Kf1 Qe3 52. Qb5+ Kf6
53. Qc6+ Kg7 54. Qc4 Qe2+ 55. Kg1 Qe1+ 56. Kh2 d2 57. Qg4+ Kf6 58. Qf4+ Ke6 59.
Qc4+ Ke5 60. Qc7+ Kd4 61. Qd6+ Kc4 62. Qc6+ Kd3 63. Qd5+ Kc3 64. Qc5+ Kd3 65.
Qd5+ Kc2 66. Qc4+ Kd1 67. Qb3+ Kc1 68. Qc4+ Kb1 69. Qxb4+ Ka1 70. Qc3+ Kxa2 71.
Qc2+ Ka3 72. Qc3+ Kxa4 73. Qc4+ Ka3 74. Qc3+ Ka2 75. Qc2+ Ka1 76. Qc3+ Kb1 77.
Qb3+ Kc1 78. Qc3+ Kd1 79. Qb3+ Kc1 80. Qc3+ 1/2-1/2

*

[Event "6Ã¨me LUC open"]
[Site "Lille"]
[Date "2015-04-05"]
[Round "1.38"]
[White "MCLAREN, Brian"]
[Black "LEGRAND, Patrick"]
[Result "1-0"]
[WhiteElo "2141"]
[BlackElo "1863"]

1. e4 Nf6 2. e5 Nd5 3. d4 d6 4. c4 Nb6 5. exd6 cxd6 6. Nc3 g6 7. Be3 Bg7 8. Rc1
Nc6 9. h3 O-O 10. Nf3 e5 11. dxe5 dxe5 12. c5 Nd7 13. Bc4 Nf6 14. O-O Bf5 15.
Qxd8 Raxd8 16. Rfd1 e4 17. Nd4 Ne5 18. Be2 Bc8 19. Ndb5 a6 20. Nd6 Nc6 21. a3
Ne7 22. Bc4 Be6 23. Bxe6 fxe6 24. Ncxe4 Nxe4 25. Nxe4 Bxb2 26. Rxd8 Rxd8 27.
Rc2 Be5 28. g3 Rd7 29. Bf4 Bxf4 30. Nf6+ 1-0

*

[Event "6Ã¨me LUC open"]
[Site "Lille"]
[Date "2015-04-05"]
[Round "1.39"]
[White "SHVED, Vassili"]
[Black "HAUSEUX, Paul"]
[Result "0-1"]
[WhiteElo "1580"]
[BlackElo "1841"]

1. e4 e5 2. d4 exd4 3. Qxd4 Nc6 4. Qe3 Nf6 5. Nc3 Bb4 6. Bd2 O-O 7. O-O-O d6 8.
Nf3 Ng4 9. Qe1 Bc5 10. Bg5 Bxf2 11. Qe2 f6 12. h3 Nge5 13. Bxf6 Qxf6 14. Qxf2
Be6 15. Be2 a6 16. Kb1 b5 17. Rhf1 Na5 18. Qd4 Nxf3 19. Qxf6 Rxf6 20. Bxf3 Re8
21. b3 Nc6 22. Be2 Ref8 23. Bf3 {illisible} 0-1

*

[Event "6Ã¨me LUC open"]
[Site "Lille"]
[Date "2015-04-05"]
[Round "1.40"]
[White "VAN HOOREBEKE, Jimmy"]
[Black "POISSONNIER, Jean-Louis"]
[Result "1-0"]
[WhiteElo "1841"]
[BlackElo "1577"]

1. e4 c5 2. d4 g6 3. Nf3 Bg7 4. c3 d5 5. dxc5 dxe4 6. Qxd8+ Kxd8 7. Ng5 Nh6 8.
Nxe4 f5 9. Ng5 Ke8 10. Bc4 Nd7 11. O-O Ne5 12. Bd5 Nhf7 13. Nxf7 Nxf7 14. Re1
Ne5 15. Na3 Nd3 16. Re2 Nxc5 17. Bg5 Ne4 18. Bxe4 fxe4 19. Rxe4 e5 20. Nc4 Bf5
21. Re3 h6 22. Bh4 e4 23. Rd1 Bf8 24. Rd5 Rh7 25. g4 Be6 26. Re5 Kd7 27. R3xe4
Re8 28. Bg3 b6 29. Rd4+ Kc6 30. Re1 Bc5 31. Rde4 Kd5 32. Ne5 Bd6 33. c4+ Kc5
34. Nd3+ Kc6 35. Rxe6 Rd8 36. Nb4+ Kc5 37. Bxd6+ Rxd6 38. R1e5+ Kxb4 39. Rxd6
Kxc4 40. Rxg6 Kd3 41. Ree6 Kc2 42. b4 Kb2 43. a4 Ka3 44. a5 Kxb4 45. axb6 axb6
46. Rxb6+ Kc5 47. Rxh6 Rg7 48. Rhg6 Rf7 49. h4 Kd5 50. h5 Ke5 51. h6 Rh7 52.
Rg7 Rh8 53. h7 Kf4 54. g5 Kg4 55. g6 Rd8 56. Rf7 Kh3 57. h8=Q+ Rxh8 58. Rh7+
Rxh7 59. gxh7 Kg4 60. h8=Q 1-0

*

[Event "6Ã¨me LUC open"]
[Site "Lille"]
[Date "2015-04-05"]
[Round "1.41"]
[White "FEY, Werner"]
[Black "VANDECASTEELE, Louis"]
[Result "0-1"]
[WhiteElo "1571"]
[BlackElo "1831"]

1. e4 c5 2. Nf3 d6 3. d4 cxd4 4. Nxd4 Nf6 5. Nc3 a6 6. Bg5 Qa5 7. Qd2 Nc6 8.
Nb3 Qc7 9. Bxf6 gxf6 10. Nd5 Qd8 11. f4 Be6 12. Qe3 Rc8 13. a3 f5 14. Bd3 Bg7
15. c3 O-O 16. Qf3 Bxd5 17. exd5 Na5 18. Nxa5 Qxa5 19. O-O Qb6+ 20. Rf2 e6 21.
g4 fxg4 22. Qxg4 f5 23. Qf3 e5 24. fxe5 Bxe5 25. Kh1 Kh8 26. Rg1 Rc7 27. Rg5 f4
28. Rfg2 Qe3 29. Qxe3 fxe3 30. Re2 Bf4 31. Rf5 Rxf5 32. Bxf5 Rg7 33. Bh3 b6 34.
b3 a5 35. a4 Rg5 36. c4 Rh5 37. Bf1 Rg5 38. Rg2 Kg7 39. Rxg5+ Bxg5 40. Kg2 Kf6
41. Be2 Ke5 42. Kf3 Kd4 43. Bd1 Kc3 44. Ke2 h6 45. Ke1 Bh4+ 46. Ke2 Bf2 47. h3
Kd4 48. Bc2 Bg3 49. Bd1 Ke4 50. Bc2+ Kf4 51. Bd3 Bf2 52. b4 Ke5 53. bxa5 bxa5
54. Bh7 Kd4 55. Bd3 Ke5 56. Kf3 Kd4 57. Be2 Be1 58. Kf4 Bb4 59. Kg4 Kc3 60. Kh5
Kd2 61. Bf1 e2 62. Bxe2 Kxe2 0-1

*

[Event "6Ã¨me LUC open"]
[Site "Lille"]
[Date "2015-04-05"]
[Round "1.42"]
[White "URBANIAK, Patrick"]
[Black "BERZIN, Serge"]
[Result " 1-0"]
[WhiteElo "1825"]
[BlackElo "1566"]

1. c4 g6 2. Nc3 Bg7 3. g3 Nf6 4. Bg2 O-O 5. e4 d6 6. Nge2 c5 7. O-O Nc6 8. d3
Bg4 9. h3 Bd7 10. Bg5 Rb8 11. Qd2 a6 12. a3 b5 13. Bh6 bxc4 14. Bxg7 Kxg7 15.
dxc4 Na5 16. Rab1 Nxc4 17. Qc2 Na5 18. f4 Nc4 19. Nd5 Bb5 20. a4 Nxd5 21. exd5
Bxa4 22. Qxc4 Bb5 23. Qe4 Qd7 24. Rf2 a5 25. Nc3 a4 26. f5 f6 27. fxg6 hxg6 28.
Rf4 {partie illisible} 1-0

*

[Event "6Ã¨me LUC open"]
[Site "Lille"]
[Date "2015-04-05"]
[Round "1.43"]
[White "CALONNE, Pascal"]
[Black "VAN FOREEST, Pieter"]
[Result "1-0"]
[WhiteElo "1554"]
[BlackElo "1825"]

1. Nf3 d5 2. d4 c5 3. c4 dxc4 4. d5 Nf6 5. Nc3 b5 6. a3 b4 7. axb4 cxb4 8. Qa4+
Qd7 9. Qxb4 e6 10. Qxc4 exd5 11. Qd3 Nc6 12. Qe3+ Be7 13. Ne5 Nxe5 14. Qxe5 O-O
15. Qd4 Bb7 16. Bg5 Rfc8 17. e3 h6 18. Bb5 Qf5 19. Bf4 Bc5 20. Qd2 Ne4 21. Qc2
Bb4 22. O-O Bxc3 23. bxc3 Rxc3 24. Qb1 d4 25. Bd3 Rxd3 26. Qxd3 dxe3 27. fxe3
Qg4 28. Qb3 Bc6 29. Qd1 Qg6 30. Qb1 f5 31. Qc2 h5 32. Ra6 Rc8 33. Qa2+ Kh8 34.
Rxa7 Rd8 35. Be5 Rd2 36. Bxg7+ Qxg7 37. Rxg7 Rxa2 38. Rg6 Bb5 39. Re1 Kh7 40.
Rb6 Bc4 41. Rc1 Bf7 42. h3 Ra7 43. Rcc6 Bd5 44. Rh6+ Kg7 45. Rxh5 Ra3 46. Rxf5
Ba8 47. Rf3 Ra1+ 48. Kh2 Ra2 49. Rb1 Nd2 50. Rg3+ Kh7 51. Rd1 Nf3+ 52. Kh1 Nh4
53. Rd7+ Kh6 54. Rdg7 Ra1+ 55. Kh2 Ra2 56. Kg1 Ra1+ 57. Kh2 Nf5 58. R7g4 Nxg3
59. Kxg3 Rf1 60. Rf4 Re1 61. Kf2 Rb1 62. g3 1-0

*

[Event "6Ã¨me LUC open"]
[Site "Lille"]
[Date "2015-04-05"]
[Round "1.44"]
[White "MOLLARD, Pascal"]
[Black "LECLERCQ, Olivier"]
[Result "0-1"]
[WhiteElo "1823"]
[BlackElo "1545"]

1. d4 d5 2. e3 Nf6 3. Bd3 Nbd7 4. f4 Nb6 5. Nd2 Bg4 6. Ngf3 e6 7. O-O Be7 8.
Qe1 c5 9. c3 O-O 10. b3 Bf5 11. Be2 h6 12. Ne5 Nbd7 13. Bb2 cxd4 14. exd4 Rc8
15. Rc1 Qa5 16. a4 a6 17. Nxd7 Nxd7 18. g4 Bh7 19. Rf3 Qd8 20. Rh3 f6 21. c4
Bd6 22. Rf3 Kh8 23. c5 Bb8 24. b4 e5 25. dxe5 fxe5 26. f5 Qg5 27. Rg3 e4 28.
Rg2 Bf4 29. Rd1 Qe7 30. Nf1 Bg8 31. Ng3 Nf6 32. Nh5 Nxh5 33. gxh5 Be5 34. Bc1
Rf6 35. Rg6 Rcc6 36. Be3 Qc7 37. Qh4 Qf7 38. b5 axb5 39. axb5 Rc7 40. Bg4 Qe8
41. b6 Rcc6 42. Qe1 Qf8 43. Qa5 Qb8 44. Qd2 Qf8 45. Qa5 Rxg6 46. hxg6 Qf6 47.
Qd2 Qh4 48. Qg2 Bxh2+ 49. Kf1 Be5 50. Rd2 Bc3 51. Rd1 Bb4 52. Ke2 Qf6 53. Bd4
Qe7 54. f6 Rxf6 55. Bxf6 Qxf6 56. Rb1 Bxc5 0-1

*

[Event "6Ã¨me LUC open"]
[Site "Lille"]
[Date "2015-04-05"]
[Round "1.45"]
[White "ROMMELAERE, Stephane"]
[Black "POURRAHNAMA, Amir"]
[Result "0-1"]
[WhiteElo "1539"]
[BlackElo "1815"]

1. e4 e5 2. Nf3 Nc6 3. Bc4 Bc5 4. c3 Nf6 5. d3 O-O 6. O-O d6 7. b4 Bb6 8. Bg5
a5 9. b5 Nb8 10. d4 Nbd7 11. h3 Qe8 12. Re1 h6 13. Bc1 Kh8 14. Bb2 a4 15. a3 c5
16. bxc6 bxc6 17. dxe5 Nxe5 18. Nxe5 dxe5 19. Nd2 Bb7 20. Qc2 Nh5 21. Nf3 Nf4
22. Bf1 f6 23. Nh4 Qh5 24. g3 Bc8 25. Nf5 Nxh3+ 26. Bxh3 Qxh3 27. Ne7 Qxg3+ 28.
Kf1 Bh3+ 0-1

*

[Event "6Ã¨me LUC open"]
[Site "Lille"]
[Date "2015-04-05"]
[Round "1.46"]
[White "DHUYVETTER, Frederik"]
[Black "BLONDEL, Francis"]
[Result "0-1"]
[WhiteElo "1809"]
[BlackElo "1503"]

1. d4 d5 2. c4 e6 3. Nf3 Nf6 4. Nc3 c6 5. Bg5 Nbd7 6. e3 Be7 7. Bd3 O-O 8. O-O
Re8 9. e4 Nf8 10. cxd5 cxd5 11. Re1 h6 12. Bxf6 Bxf6 13. exd5 Qb6 14. dxe6 Bxe6
15. Na4 Qd6 16. Be4 Bd5 17. Qd3 Rac8 18. Nc3 Bc4 19. Qd2 Ng6 20. Bxb7 Rxe1+ 21.
Rxe1 Rd8 22. Ne4 Qb6 23. Nxf6+ Qxf6 24. Qa5 a6 25. b3 Bb5 26. a4 Bc6 0-1

*

[Event "6Ã¨me LUC open"]
[Site "Lille"]
[Date "2015-04-05"]
[Round "1.47"]
[White "DESCHUYTENEER, Lucien"]
[Black "DE LAGONTRIE, Jean"]
[Result "0-1"]
[WhiteElo "1503"]
[BlackElo "1796"]

1. e4 c5 2. Nf3 Nc6 3. c3 e6 4. d4 d5 5. exd5 exd5 6. Be2 Bd6 7. O-O Nge7 8.
Re1 O-O 9. Nbd2 h6 10. Nf1 Bf5 11. dxc5 Bxc5 12. Ng3 Bh7 13. Bd3 Bxd3 14. Qxd3
Qb6 15. Rf1 a5 16. b3 Rad8 17. Bb2 Ng6 18. Rad1 Rfe8 19. Nd4 Nce5 20. Qd2 Nh4
21. Kh1 Nc6 22. Qf4 Ng6 23. Qd2 Nxd4 24. cxd4 Bb4 25. Bc3 Bxc3 26. Qxc3 Rc8 27.
Qd2 Rc6 28. Rc1 Rcc8 29. Ne2 Ne7 30. Rxc8 Rxc8 31. Rc1 Rxc1+ 32. Qxc1 Nc6 33.
Qd2 Qb4 34. Qxb4 Nxb4 35. Nc3 Kf8 36. a3 Nc2 37. Nxd5 Nxd4 38. b4 Nc2 39. bxa5
Nxa3 40. a6 bxa6 41. Nc7 a5 42. Kg1 Ke7 43. Nd5+ Kd6 44. Nc3 Kc5 45. Kf1 Kb4
46. Ne4 Kb3 47. Ke2 a4 48. Kd2 Nb5 49. Kc1 a3 50. Kb1 Nc3+ 51. Nxc3 Kxc3 52.
Ka2 Kd3 53. Kxa3 Ke2 54. f4 f5 55. h3 Ke3 56. g3 Kf3 57. g4 fxg4 58. hxg4 Kxf4 0-1

*

[Event "6Ã¨me LUC open"]
[Site "Lille"]
[Date "2015-04-05"]
[Round "1.48"]
[White "HENNE, Jean-Louis"]
[Black "RYS, Ludovic"]
[Result "1-0"]
[WhiteElo "1780"]
[BlackElo "1493"]

1. e4 d6 2. Nf3 Nf6 3. d3 g6 4. g3 Bg7 5. Bg2 O-O 6. O-O e5 7. c3 Nbd7 8. Re1
a5 9. d4 Nh5 10. a4 c5 11. d5 Nb6 12. Na3 Bg4 13. h3 Bd7 14. Nb5 Bxb5 15. axb5
Qd7 16. Bf1 c4 17. b3 cxb3 18. Qxb3 h6 19. Be3 Qc7 20. c4 f5 21. c5 Nc8 22. b6
Qf7 23. exf5 e4 24. fxg6 Qxg6 25. Nh4 Qf7 26. Rab1 dxc5 27. Bxc5 Rd8 28. Rxe4
Nd6 29. Re6 Nf5 30. Nxf5 Qxf5 31. Ra1 Nf6 {partie illisible} 1-0

*

[Event "6Ã¨me LUC open"]
[Site "Lille"]
[Date "2015-04-05"]
[Round "1.49"]
[White "GEAY, Philippe"]
[Black "ALLEMAND, Christian"]
[Result "0-1"]
[WhiteElo "1482"]
[BlackElo "1779"]

1. e4 c5 2. Nc3 Nc6 3. Bc4 g6 4. f4 Bg7 5. Nf3 a6 6. a3 e6 7. d3 b5 8. Ba2 Nge7
9. O-O O-O 10. Be3 d6 11. Rb1 Qa5 12. Ne2 Rb8 13. Qc1 b4 14. Bd2 Qc7 15. f5
exf5 16. Bh6 fxe4 17. Nh4 exd3 18. cxd3 Nd4 19. Qg5 Nxe2+ 0-1

*

[Event "6Ã¨me LUC open"]
[Site "Lille"]
[Date "2015-04-05"]
[Round "1.50"]
[White "DECLERCQ, Jean"]
[Black "COUSTENOBLE, Hugo"]
[Result "1-0"]
[WhiteElo "1763"]
[BlackElo "1471"]

1. d4 Nf6 2. c4 e6 3. Nf3 d5 4. g3 c6 5. Bg2 Nbd7 6. O-O Be7 7. Nc3 O-O 8. Qc2
h6 9. b3 Re8 10. Bb2 dxc4 11. bxc4 c5 12. d5 exd5 13. cxd5 b6 14. Nh4 Rb8 15.
Nf5 Ne5 16. Nxe7+ Qxe7 17. Rad1 Nc4 18. Bc1 Nd6 19. Rfe1 Bg4 20. f3 Bh5 21. e4
Bg6 22. Qf2 Nd7 23. e5 Nc4 24. h3 Qf8 25. f4 b5 26. e6 fxe6 27. dxe6 Nf6 28. f5
b4 29. Nd5 Nxd5 30. Bxd5 Qxf5 31. Qxf5 Bxf5 32. g4 Bc2 33. Bxc4 Bxd1 34. Rxd1
a5 35. Rd7 a4 36. Bb2 b3 37. Rxg7+ Kf8 38. e7+ Rxe7 39. Rg8# 1-0

*

[Event "6Ã¨me LUC open"]
[Site "Lille"]
[Date "2015-04-05"]
[Round "1.51"]
[White "CABARRUS, Valentin"]
[Black "DEKETELAERE, Francky"]
[Result "0-1"]
[WhiteElo "1469"]
[BlackElo "1762"]

1. d4 d6 2. c4 e5 3. dxe5 dxe5 4. Qxd8+ Kxd8 5. Nc3 c6 6. Nf3 f6 7. e4 Be6 8.
Be3 Nd7 9. Be2 g6 10. O-O Bh6 11. Bxh6 Nxh6 12. Rfd1 Kc7 13. b4 Rhd8 14. c5 Nf8
15. a4 Nf7 16. Rac1 Bb3 17. Rxd8 Rxd8 18. Rb1 Bc2 19. Rc1 Bd3 20. Rd1 Bxe2 21.
Rxd8 Nxd8 22. Nxe2 Nde6 23. Kf1 Nd7 24. Ke1 a5 25. bxa5 Ndxc5 26. Nc3 Nb3 27.
Ke2 0-1

*

[Event "6Ã¨me LUC open"]
[Site "Lille"]
[Date "2015-04-05"]
[Round "1.52"]
[White "CHAIGNET, Lucas"]
[Black "MANGANI, Jean-Pierre"]
[Result "1-0"]
[WhiteElo "1758"]
[BlackElo "1463"]

1. e4 e5 2. Nf3 Nc6 3. Nc3 Nf6 4. d4 Nxd4 5. Nxd4 exd4 6. Qxd4 d6 7. Bg5 Be7 8.
O-O-O O-O 9. Bc4 Be6 10. Rhe1 Nh5 11. Bxe7 Qxe7 12. Kb1 Qf6 13. Bd5 Qxd4 14.
Rxd4 c6 15. Bb3 Rad8 16. Red1 Bxb3 17. axb3 f5 18. Rxd6 Rxd6 19. Rxd6 fxe4 20.
Nxe4 Nf4 21. g3 Nd5 22. Rd7 Rf7 23. Rxf7 Kxf7 24. Nd6+ Ke7 25. Nxb7 Nf6 26. Kc1
Ng4 27. Kd2 Nxf2 28. Ke2 Ng4 29. h3 Nf6 30. Kf3 Ne8 31. Na5 Kd7 32. Nc4 Nc7 33.
Ke4 Ke7 34. c3 Ne6 35. Ke3 Nc5 36. b4 Na4 37. Kd4 Ke6 38. b3 Nb6 39. Ne5 Kd6
40. Nf7+ Ke7 41. Ng5 h6 42. Ne4 Kd7 43. c4 Ke6 44. g4 Kd7 45. Ng3 g6 46. h4 Ke6
47. Ne4 Nd7 48. Nc5+ Kd6 49. Nxd7 Kxd7 50. Kc5 Kc7 51. b5 cxb5 52. Kxb5 h5 53.
gxh5 gxh5 54. c5 Kb7 55. c6+ Kc7 56. Kc5 Kc8 57. b4 Kc7 58. b5 Kc8 59. Kd6 Kd8
60. c7+ Kc8 61. Kc6 a5 62. b6 a4 63. b7# 1-0

*